000 00714nam a2200217 a 4500
005 20210223130910.0
008 081205s2002 mx r 000 0 spa d
020 _a9685142262
035 _aUPN01000168369
049 _aI
050 4 _aDL65
_bS7.5
100 1 _aSteele, Philip,
_d1948-
_930682
245 1 3 _aEl mundo vikingo /
_cPhilip Steele ; asesor Lesley Webster ; tr. Ivonne Vinay.
260 _aNaucalpan, Edo. Mex :
_bLa vasija :
_bCorreo del maestro,
_cc2002.
300 _a64 p. :
_bil. col.
440 3 _aUn viaje a...
650 4 _aVIKINGOS -
_vLITERATURA INFANTIL
_911224
651 4 _aESCANDINAVIA -
_xHISTORIA
_911225
650 4 _aVIKINGOS -
_xVIDA SOCIAL Y COSTUMBRES
_911525
905 _aInfantil
999 _c140476
_d140476